000 00427nam a22001577a 4500
003 MPLRDC
005 20220104164700.0
008 210129b ||||| |||| 00| 0 eng d
082 _a524.969 BPP-2 1996
100 _a不详
245 _aCIMA STUDY TEXT STAGE 3 MANAGEMENT ACCOUNTING APPLICATIONS
_c
260 _a
_bSYSTEMATIC BUSINESS TRAINING CENTRE
_c1996
300 _b
650 _a
942 _cBK
_o524.969 BPP-2 1996
999 _c57097
_d57087